000
00331 a2200133 4500
000
nam a22 7a 4500
100
_a
Pathak
110
_a
Pathak
245
_a
History of North East India (1228-1947.A.D.)
250
_a
Latest edition
260
_b
SSDN Publishers
_c
2024
264
_b
SSDN Publishers
_c
2024
942
_c
BK
999
_c
394757
_d
394757